000 00407nam a2200169Ia 4500
999 _c26
_d26
003 OSt
005 20210902125724.0
008 190216s9999||||xx |||||||||||||| ||und||
040 _coclc
082 _a297
_bDAR/M
100 _aNull
245 0 _aMafthihul Uloom /
260 _bDarul Maariy,
_aEgypt:
300 _a176p
650 _aArabic
942 _cBK
_2ddc
_h297
_iDAR/M
_k297
_mDAR/M